[Event "TUR-chT 2nd League"]
[Site "Denizli"]
[Date "2023.07.09"]
[Round "1.116"]
[White "Sahin, Taha"]
[Black "Sahin, Arda"]
[Result "1-0"]
[WhiteElo "1727"]
[BlackElo "1883"]
[PlyCount "107"]
[EventDate "2023.07.09"]
[EventType "team-swiss"]
[EventRounds "9"]
[EventCountry "TUR"]
[SourceTitle "CBM 215 Extra"]
[Source "ChessBase"]
[SourceDate "2023.09.30"]
[SourceVersion "1"]
[SourceVersionDate "2023.09.30"]
[SourceQuality "1"]
[WhiteTeam "Karaman Tabduk Emre"]
[BlackTeam "Nida"]
[WhiteTeamCountry "TUR"]
[BlackTeamCountry "TUR"]

1. e4 c5 2. Nf3 d6 3. d4 cxd4 4. Nxd4 Nf6 5. Nc3 a6 6. Bg5 e6 7. f4 h6 8. Bh4 Qb6 9. Qd2 Qxb2 10. Rb1 Qa3 11. Be2 Be7 12. 0-0 0-0 13. Rf3 Qa5 14. Bf2 e5 15. Nb3 Qc7 16. fxe5 dxe5 17. Rxf6 Rd8 18. Nd5 Rxd5 19. exd5 Bxf6 20. d6 Qc6 21. Nc5 e4 22. Qf4 Nd7 23. Qxe4 Qxd6 24. Qe8+ Nf8 25. Rd1 Qc7 26. Nd7 Bxd7 27. Qxa8 Qxc2 28. Rxd7 Qxe2 29. g3 Qxa2 30. Rxb7 Qd5 31. Rb8 Qxa8 32. Rxa8 Be7 33. Rxa6 Ne6 34. Ra8+ Bf8 35. Ra7 g6 36. Kg2 Bc5 37. Bxc5 Nxc5 38. Kf3 Kg7 39. Kf4 Kf6 40. Ra5 Ne6+ 41. Ke4 h5 42. h4 Ng7 43. Ra6+ Ne6 44. Rc6 Ke7 45. Ke5 f6+ 46. Kd5 Ng7 47. Rc7+ Kf8 48. Ra7 g5 49. hxg5 fxg5 50. Ke5 h4 51. g4 h3 52. Kf6 h2 53. Ra1 Kg8 54. Rh1 1-0

[Event "Ankara Baskent Univ op-B 3rd"]
[Site "Ankara"]
[Date "2018.09.01"]
[Round "9"]
[White "Kekilli, Ali Resid"]
[Black "Sahin, Arda"]
[Result "1-0"]
[WhiteElo "1513"]
[BlackElo "1563"]
[PlyCount "41"]
[EventDate "2018.08.27"]
[EventType "swiss"]
[EventRounds "9"]
[EventCountry "TUR"]
[SourceTitle "EXT 2021"]
[Source "ChessBase"]
[SourceDate "2020.10.23"]
[SourceVersion "1"]
[SourceVersionDate "2020.10.23"]
[SourceQuality "1"]

1. c4 e6 2. Nf3 d5 3. g3 dxc4 4. Qa4+ Bd7 5. Qxc4 Bc6 6. Bg2 Nf6 7. Nc3 Nbd7 8. d4 Bd6 9. 0-0 0-0 10. Re1 Ne4 11. Nxe4 Bxe4 12. Bg5 Nb6 13. Qb3 Be7 14. Bxe7 Qxe7 15. Ne5 Bxg2 16. Kxg2 Rfd8 17. Red1 c5 18. Qa3 f6 19. Nf3 Nd7 20. dxc5 Qxc5 21. Rxd7 1-0

[Event "Ankara Baskent Univ op-B 3rd"]
[Site "Ankara"]
[Date "2018.08.30"]
[Round "7"]
[White "Kaya, Ilgin"]
[Black "Sahin, Arda"]
[Result "1/2-1/2"]
[WhiteElo "1472"]
[BlackElo "1563"]
[PlyCount "75"]
[EventDate "2018.08.27"]
[EventType "swiss"]
[EventRounds "9"]
[EventCountry "TUR"]
[SourceTitle "EXT 2021"]
[Source "ChessBase"]
[SourceDate "2020.10.23"]
[SourceVersion "1"]
[SourceVersionDate "2020.10.23"]
[SourceQuality "1"]

1. d4 d5 2. c4 e6 3. Nf3 a6 4. b3 Nf6 5. e3 b6 6. Bd3 Bb7 7. 0-0 Bd6 8. Nc3 Nbd7 9. Bb2 0-0 10. Re1 Ne4 11. a3 Qe7 12. Bxe4 dxe4 13. Nd2 f5 14. h3 Nf6 15. b4 c5 16. dxc5 bxc5 17. bxc5 Bxc5 18. Na4 Nd7 19. Nb3 Rac8 20. Nbxc5 Nxc5 21. Nxc5 Rxc5 22. Rc1 Qc7 23. Qb3 Rc8 24. Bd4 Rc6 25. c5 Qe7 26. Rb1 R6c7 27. Qc3 e5 28. Bxe5 Rxc5 29. Qb3+ Bd5 30. Qb2 g6 31. Bd4 Rb5 32. Qa1 Rcb8 33. Rxb5 axb5 34. Qb2 Bc4 35. Rc1 Ra8 36. Qb4 Qe6 37. Qb2 Ra4 38. Bh8 1/2-1/2

[Event "Ankara Baskent Univ op-B 3rd"]
[Site "Ankara"]
[Date "2018.08.29"]
[Round "5"]
[White "Sinay, Ahmet"]
[Black "Sahin, Arda"]
[Result "1/2-1/2"]
[WhiteElo "1512"]
[BlackElo "1563"]
[PlyCount "79"]
[EventDate "2018.08.27"]
[EventType "swiss"]
[EventRounds "9"]
[EventCountry "TUR"]
[SourceTitle "EXT 2021"]
[Source "ChessBase"]
[SourceDate "2020.10.23"]
[SourceVersion "1"]
[SourceVersionDate "2020.10.23"]
[SourceQuality "1"]

1. e4 e5 2. Nf3 Nc6 3. Bb5 a6 4. Bxc6 dxc6 5. 0-0 Bg4 6. h3 h5 7. d3 Qf6 8. Nbd2 Ne7 9. Re1 Be6 10. Nf1 0-0-0 11. Be3 c5 12. Qd2 g6 13. Qc3 Bh6 14. Qxe5 Qxe5 15. Nxe5 b6 16. Bxh6 Rxh6 17. f4 f6 18. Nf3 Nc6 19. a3 Nd4 20. Nxd4 cxd4 21. Nd2 Rhh8 22. Nf3 Rhe8 23. Re2 c5 24. Rae1 Rf8 25. e5 f5 26. Ng5 Rfe8 27. Nxe6 Rxe6 28. Rb1 Kc7 29. b4 Rg8 30. bxc5 bxc5 31. g3 Rb8 32. Ree1 Rbb6 33. Kf2 Kd7 34. Kf3 Kc7 35. g4 h4 36. gxf5 gxf5 37. Rg1 Rxb1 38. Rxb1 Rg6 39. Kf2 Rg3 40. Rh1 1/2-1/2